AACN's quick reference to critical care nursing procedures AACN's quick reference to critical care nursing procedures (Record no. 360254)

MARC details
000 -LEADER
fixed length control field 00740nam a2200205Ia 4500
008 - FIXED-LENGTH DATA ELEMENTS--GENERAL INFORMATION
fixed length control field 191130s2007##################000#0#eng##
020 ## - INTERNATIONAL STANDARD BOOK NUMBER
ISBN 9781416047582
082 ## - DEWEY DECIMAL CLASSIFICATION NUMBER
Classification number 616.028 AAC
245 ## - TITLE STATEMENT
Title AACN's quick reference to critical care nursing procedures AACN's quick reference to critical care nursing procedures
Statement of responsibility, etc American Association of Critical-Care Nurses
260 ## - PUBLICATION, DISTRIBUTION, ETC. (IMPRINT)
Place of publication Philadelphia, PA
Name of publisher Saunders/Elsevier
Year of publication ©2007
300 ## - PHYSICAL DESCRIPTION
Number of Pages x, 374 p., s p.iral-bound
500 ## - GENERAL NOTE
General note Includes index
650 ## - SUBJECT ADDED ENTRY--TOPICAL TERM
Topical Term Critical care medicine
Topical Term Intensive care nursing
710 ## - ADDED ENTRY--CORPORATE NAME
Corporate name or jurisdiction name as entry element American Association of Critical-Care Nurses
991 ## -
-- 338310
Holdings
Withdrawn status Lost status Damaged status Not for loan Home library Current library Shelving location Date acquired Full call number Accession Number Price effective from Koha item type
        Anna Centenary Library Anna Centenary Library 5TH FLOOR, B WING 17.10.2020 616.028 AAC 118548 17.10.2020 English Books

Find us on the map